LEADER 01270nam a2200265 i 4500 001 000000163514 003 CaOOAMICUS 005 20240515122954.0 008 070731s1926 it u000 u ita u 040 $aSeMil$bita 245 02$aI fioretti di san Francesco /$ccon introduzione e note di Fausta Casolini ; prefazione del p. Vittorino Facchinetti ; illustrazioni di Giovanni Minguzzi. 264 1$aMilano :$bGiacomo Agnelli,$c1926. 300 $aXXI, 368 p., [1] c. di tav. ;$c23 cm. 650 4$aFrancesco : d'Assisi . Fioretti.$0(OLS)http://semarc/subject/7644 700 1 $aCasolini, Fausta.$0(OLS)http://semarc/name/39392 700 1 $aMinguzzi, Giovanni.$0(OLS)http://semarc/name/61930 700 1 $aFacchinetti, Vittorino,$c.$0(OLS)http://semarc/name/12360 850 $aSeMil 852 $aSeMil$W1$xVenegono$y1$m1A III 173$j227098$B237727$CSeMilBibl$Z2$F237727 $8I 852 $aSeMil$W1$xVenegono$y1$m1B V 197$j248022$B114808$CSeMilBibl$Z2$F125620 $81 961 $aRecupero: Altro 961 $aFirma autografa di Giovanni Nosatti 996 $6245$aI fioretti di san Francesco$9(OLS)http://semarc/title/209895 996 $6264$aMilano :$bGiacomo Agnelli$9(OLS)http://semarc/publisher/31323 LEADER 00838nam a2200217 i 4500 001 000000050224 003 CaOOAMICUS 005 20251106123117.0 008 120705s1986 it u000 u ita u 040 $aSeMil$bita 100 1 $aCiccone, Lino .$0(OLS)http://semarc/name/12295 245 10$aSalute & malattia /$cLino Ciccone. 300 $a543 p. 490 0 $aRagione & fede ;$v4 650 4$aMalattie.$0(OLS)http://semarc/subject/6495 773 0 $aCiccone, Lino $tQuestioni di morale della vita fisica.$dMilano : Ares, 1984-1986.$kRagione & fede$g2$w()27075 830 0$aRagione & fede ;$v4.$0(OLS)http://semarc/title/18895 850 $aSeMil 852 $aSeMil$W1$xVenegono$y1$m2E IV 227/A$j16379$B16379$CSeMilBibl$Z2$F16379 $81 996 $6245$aSalute & malattia$9(OLS)http://semarc/title/76660